El oficio de historiador

Guardat en:
Dades bibliogràfiques
Autor principal: Moradiellos García, Enrique (autor)
Format: Llibre
Idioma:espanyol
Publicat: Madrid, España Siglo XXI 1999
Edició:3a. ed
Col·lecció:Historia
Matèries:
Accés en línia:Disponible Online - pp. 101-131
Etiquetes: Afegir etiqueta
Sense etiquetes, Sigues el primer a etiquetar aquest registre!

MARC

LEADER 00000nam a2200000 a 4500
001 UCM3186
003 CL-VaPUC
005 20220311181430.0
008 020628e19991100SP |||||||||||||||||spa|d
999 |c 300674  |d 300672 
040 |c Pontificia Universidad Católica de Valparaíso 
082 0 4 |a 907.202 MOR 1999  |2 21 
100 |a Moradiellos García, Enrique  |e autor  |9 604746 
245 1 3 |a El oficio de historiador 
250 |a 3a. ed 
260 |a Madrid, España   |b Siglo XXI  |c 1999 
300 |a 162 páginas  
490 0 |a Historia 
583 |a last modification  |c 20020628 00:00:00  |k Rodrigo Vera 
650 0 |a Historiografía   |9 257871 
650 0 |a Investigación histórica  |9 344844 
650 0 |a Enseñanza de la historia   |9 307330 
856 |u http://bibliografiadigital.pucv.cl.pucv.idm.oclc.org/index.php/bibliotecapucv/catalog/book/607  |y Disponible Online - pp. 101-131  
942 |c BK  |2 ddc 
945 |d 20020628 00:00:00  |a cmena 
952 |0 0  |1 0  |4 0  |6 907_202000000000000_MOR_1999  |7 0  |8 A  |9 358825  |a BIBHIS  |b BIBHIS  |d 2019-11-21  |i 3823741  |o 907.202 MOR 1999  |p 3823741  |r 2025-01-20  |w 2019-11-21  |y BK  |k HIS 
952 |0 0  |1 0  |4 0  |6 907_202000000000000_MOR_1999  |7 0  |8 A  |9 358826  |a BIBHIS  |b BIBHIS  |d 2019-11-21  |i 3818020  |o 907.202 MOR 1999  |p 3818020  |r 2025-01-20  |w 2019-11-21  |y BK  |k HIS